[Event "DEM U12 2018"]
[Site "Willingen GER"]
[Date "2018.05.20"]
[Round "1"]
[White "Sieber, Bert"]
[Black "Rössel, Gino"]
[Result "0-1"]
[Termination "normal"]
[Board "21"]
[WhiteElo "1453"]
[BlackElo "1822"]
[PlyCount "76"]
[WhiteFideId "16265971"]
[BlackFideId "16203070"]
[EventCountry "GER"]
[EventRounds "11"]
[EventType "swiss"]
[EventDate "2018.05.19"]

1. d4 d5 2. c4 e6 3. Nc3 c6 4. e3 Nf6 5. Nf3 Nbd7 6. Be2 dxc4 7. Bxc4 b5 8. Bd3
a6 9. Bd2 c5 10. O-O Bb7 11. Be2 Rc8 12. Rc1 Qb6 13. dxc5 Bxc5 14. a4 b4 15.
Na2 Bc6 16. b3 O-O 17. Bc4 Rfd8 18. Qe2 a5 19. Rcd1 Bd5 20. Bxd5 Nxd5 21. e4
Ne7 22. Bf4 Ng6 23. Bg3 Nf6 24. Nd2 Rd4 25. Nc4 Qa6 26. Rxd4 Bxd4 27. Rd1 e5
28. Nc1 Qa8 29. Re1 Bc3 30. Rd1 Bd4 31. Re1 Rd8 32. Qc2 Bc3 33. Re2 Nxe4 34.
Nd3 Nxg3 35. hxg3 Qd5 36. Ndb2 Ne7 37. Kh2 Nc6 38. Nb6 Qc5 0-1

[Event "DEM U12 2018"]
[Site "Willingen GER"]
[Date "2018.05.20"]
[Round "1"]
[White "Weidenhöfer, Max"]
[Black "Movsisyan, Andranik"]
[Result "1-0"]
[Termination "normal"]
[Board "22"]
[WhiteElo "1709"]
[BlackElo "1654"]
[PlyCount "45"]
[WhiteFideId "16230566"]
[BlackFideId "16240391"]
[EventCountry "GER"]
[EventRounds "11"]
[EventType "swiss"]
[EventDate "2018.05.19"]

1. e4 d5 2. exd5 Qxd5 3. Nc3 Qa5 4. Bc4 Nf6 5. d3 c6 6. Bd2 Qc7 7. Qe2 Bf5 8.
h3 Nbd7 9. g4 Bg6 10. f4 h6 11. O-O-O a5 12. a3 b5 13. Ba2 Qb7 14. f5 Bh7 15.
Ne4 Nxe4 16. dxe4 c5 17. Bd5 Qa7 18. Bxa8 Qxa8 19. Nf3 b4 20. a4 Nb6 21. Qb5+
Nd7 22. Ne5 Qa7 23. Be3 1-0

[Event "DEM U12 2018"]
[Site "Willingen GER"]
[Date "2018.05.20"]
[Round "1"]
[White "Dornheim, Carl Friedrich"]
[Black "Felten, Maximilian"]
[Result "0-1"]
[Termination "normal"]
[Board "23"]
[WhiteElo "1441"]
[BlackElo "1664"]
[PlyCount "160"]
[WhiteFideId "16252314"]
[BlackFideId "4004949"]
[EventCountry "GER"]
[EventRounds "11"]
[EventType "swiss"]
[EventDate "2018.05.19"]

1. e4 e6 2. d4 d5 3. Nd2 Nf6 4. e5 Nfd7 5. Bd3 c5 6. c3 Nc6 7. Ne2 Qb6 8. Nf3
f6 9. exf6 Nxf6 10. O-O Bd6 11. Re1 O-O 12. Be3 Bd7 13. dxc5 Bxc5 14. Bxc5 Qxc5
15. Ned4 Nxd4 16. cxd4 Qd6 17. Ne5 Rac8 18. Qb3 Bc6 19. Rac1 Rc7 20. f3 Rfc8
21. Bb5 Bxb5 22. Rxc7 Qxc7 23. Qxb5 a6 24. Qb3 b5 25. Nd3 Qb6 26. Nc5 Re8 27.
Re5 Kf7 28. Qe3 Qc6 29. b4 Nd7 30. Qf4+ Kg8 31. Nxd7 Qxd7 32. Qh4 Rc8 33. Qg4
Rc6 34. h4 Qf7 35. h5 Kf8 36. Kh2 Ke7 37. Qg5+ Qf6 38. Qxf6+ gxf6 39. Re3 Rc4
40. Ra3 Rxd4 41. Rxa6 Rh4+ 42. Kg3 Rxh5 43. Ra5 d4 44. Kf2 Rd5 45. Ra7+ Rd7 46.
Ra5 Rb7 47. Ke2 e5 48. Kd3 Ke6 49. g4 Kd5 50. a4 Kc6 51. axb5+ Rxb5 52. Ra6+
Rb6 53. Rxb6+ Kxb6 54. f4 Kb5 55. g5 fxg5 56. fxe5 Kc6 57. Kxd4 h5 58. Ke4 h4
59. Kf3 Kd5 60. b5 Kxe5 61. b6 Kd6 62. b7 Kc7 63. b8=Q+ Kxb8 64. Kg4 Kc7 65.
Kh3 Kd6 66. Kg4 Ke5 67. Kh3 Kf4 68. Kg2 Kg4 69. Kh2 Kf3 70. Kh1 g4 71. Kg1 Kg3
72. Kf1 Kh2 73. Kf2 g3+ 74. Kf3 g2 75. Kg4 g1=Q+ 76. Kxh4 Qg7 77. Kh5 Kg2 78.
Kh4 Kf3 79. Kh5 Kf4 80. Kh4 Qg4# 0-1

[Event "DEM U12 2018"]
[Site "Willingen GER"]
[Date "2018.05.20"]
[Round "1"]
[White "Kort, Felix"]
[Black "Tovmasyan, Minas"]
[Result "1-0"]
[Termination "normal"]
[Board "24"]
[WhiteElo "1672"]
[BlackElo "1480"]
[PlyCount "51"]
[WhiteFideId "16220129"]
[BlackFideId "16247620"]
[EventCountry "GER"]
[EventRounds "11"]
[EventType "swiss"]
[EventDate "2018.05.19"]

1. d4 Nf6 2. c4 g6 3. f3 Bg7 4. e4 d6 5. Nc3 O-O 6. Be3 Nbd7 7. Nge2 e5 8. Qd2
Ne8 9. g4 Nb6 10. Ng3 exd4 11. Bxd4 Be6 12. Bxg7 Nxg7 13. b3 Nd7 14. h4 Ne5 15.
Be2 Qf6 16. Qe3 Rfe8 17. h5 Rec8 18. hxg6 fxg6 19. g5 Qf7 20. f4 Ng4 21. Bxg4
Bxg4 22. Nd5 Ne8 23. f5 gxf5 24. exf5 Bxf5 25. Nxf5 Rd8 26. Nh6+ 1-0

[Event "DEM U12 2018"]
[Site "Willingen GER"]
[Date "2018.05.20"]
[Round "1"]
[White "May, Alexander"]
[Black "Hänselmann, Hendrik"]
[Result "0-1"]
[Termination "normal"]
[Board "25"]
[WhiteElo "1373"]
[BlackElo "1713"]
[PlyCount "178"]
[WhiteFideId "16244974"]
[BlackFideId "16232755"]
[EventCountry "GER"]
[EventRounds "11"]
[EventType "swiss"]
[EventDate "2018.05.19"]

1. d4 Nf6 2. c4 e6 3. Nc3 Bb4 4. Qb3 Bxc3+ 5. Qxc3 O-O 6. Bg5 d6 7. Nf3 b6 8.
e3 Bb7 9. Be2 Nbd7 10. O-O Ne4 11. Bxd8 Nxc3 12. bxc3 Rfxd8 13. a4 a5 14. Nd2
e5 15. Rfc1 Re8 16. Bf1 Rad8 17. Nb1 f6 18. Na3 Ba6 19. Nb5 Bxb5 20. cxb5 g6
21. Bc4+ Kg7 22. Bd5 f5 23. Bc6 Re7 24. Bxd7 Rexd7 25. Ra2 Kf6 26. g3 Rc8 27.
Rd2 e4 28. c4 h6 29. Rdc2 c5 30. bxc6 Rxc6 31. c5 bxc5 32. dxc5 Rdc7 33. Rd2
dxc5 34. Rd5 Ke6 35. Rcd1 Ra7 36. Rd8 c4 37. Rh8 h5 38. Rg8 Kf6 39. Rgd8 Rac7
40. R8d5 c3 41. Kf1 Ra6 42. Rc1 Ke6 43. Rb5 Rc4 44. Rbb1 Rac6 45. Ra1 Rd6 46.
Ke2 Rd2+ 47. Ke1 Rd3 48. Ra2 Kf6 49. Ke2 Kg5 50. h4+ Kf6 51. Ke1 g5 52. hxg5+
Kxg5 53. Ke2 Rd6 54. Ra3 Rd3 55. Ra2 Rb4 56. Rcc2 Kg4 57. Ra3 Rc4 58. Rc1 Rd2+
59. Ke1 Kf3 60. Rcxc3 Re2+ 61. Kd1 Rxc3 62. Rxc3 Rxf2 63. Rc5 Kxg3 64. Rxa5 h4
65. Ra6 h3 66. Rh6 h2 67. Ke1 Ra2 68. Rg6+ Kf3 69. Rh6 h1=Q+ 70. Rxh1 Ra1+ 71.
Kd2 Rxh1 72. a5 Ra1 73. Kc3 Kxe3 74. Kb4 f4 75. Kb5 Rxa5+ 76. Kxa5 f3 77. Kb5
f2 78. Kc5 f1=Q 79. Kd5 Qb5+ 80. Ke6 Kd4 81. Kd6 Qb6+ 82. Kd7 Kd5 83. Ke7 Qd6+
84. Kf7 Qe6+ 85. Kg7 Qf5 86. Kh8 Qg5 87. Kh7 Ke6 88. Kh8 Kf7 89. Kh7 Qg7# 0-1

[Event "DEM U12 2018"]
[Site "Willingen GER"]
[Date "2018.05.20"]
[Round "1"]
[White "Hoke, Adrian Neo"]
[Black "Ljuca, Semir"]
[Result "0-1"]
[Termination "normal"]
[Board "26"]
[WhiteElo "1628"]
[BlackElo "1344"]
[PlyCount "92"]
[WhiteFideId "16218264"]
[BlackFideId "16216130"]
[EventCountry "GER"]
[EventRounds "11"]
[EventType "swiss"]
[EventDate "2018.05.19"]

1. e4 c5 2. Nf3 d6 3. d4 cxd4 4. Nxd4 Nf6 5. Nc3 Nc6 6. Bb5 Bd7 7. O-O a6 8.
Be2 e6 9. Be3 Be7 10. f3 O-O 11. a4 Qb6 12. a5 Nxa5 13. Nf5 Qxb2 14. Nxe7+ Kh8
15. Rxa5 Qxc3 16. Bd2 Qd4+ 17. Kh1 Rfe8 18. Bf4 Qxd1 19. Rxd1 Rxe7 20. Rxd6 Rc8
21. Bd3 Rc6 22. e5 Nd5 23. Be4 Nxf4 24. Bxc6 Bxc6 25. Rc5 h6 26. Rd8+ Kh7 27.
Kg1 Kg6 28. Kf2 Nd5 29. h4 Kf5 30. g4+ Kxe5 31. c4 Kd4 32. cxd5 Kxc5 33. dxc6
Kxc6 34. Rg8 f6 35. h5 b5 36. Ra8 Kb6 37. Rb8+ Rb7 38. Re8 e5 39. Ke3 Rc7 40.
Rb8+ Ka5 41. Kd3 b4 42. Ke4 Ka4 43. Rb6 a5 44. Rd6 b3 45. Rd1 b2 46. Re1 Rc1
0-1

[Event "DEM U12 2018"]
[Site "Willingen GER"]
[Date "2018.05.20"]
[Round "1"]
[White "Greßler, Christian"]
[Black "Klugstedt, Vincent"]
[Result "1-0"]
[Termination "normal"]
[Board "27"]
[WhiteElo "1290"]
[BlackElo "1810"]
[PlyCount "117"]
[WhiteFideId "16244907"]
[BlackFideId "16216393"]
[EventCountry "GER"]
[EventRounds "11"]
[EventType "swiss"]
[EventDate "2018.05.19"]

1. e4 c5 2. Nf3 Nc6 3. Bb5 g6 4. Bxc6 dxc6 5. d3 Bg7 6. O-O e5 7. h3 Qe7 8. Be3
Nf6 9. Qd2 h6 10. Nc3 b6 11. Ne2 Nd7 12. Ng3 Nf8 13. Rad1 Ne6 14. c3 Ba6 15.
Rfe1 Rd8 16. Qc2 O-O 17. Re2 Rd6 18. Red2 f5 19. exf5 gxf5 20. d4 f4 21. Nf5
Rxf5 22. Qxf5 fxe3 23. fxe3 exd4 24. Qe4 d3 25. c4 b5 26. b3 bxc4 27. bxc4 Qf6
28. Rxd3 Rxd3 29. Rxd3 Nc7 30. Kh2 Bc8 31. Qf4 Qxf4+ 32. exf4 Bf8 33. Ne5 Bf5
34. Rg3+ Kh7 35. Nxc6 a6 36. Re3 Kg7 37. Ne7 Kf6 38. Nxf5 Kxf5 39. g3 Bd6 40.
Kg2 Ne6 41. g4+ Kf6 42. f5 Nf4+ 43. Kf3 Be5 44. h4 Nh3 45. Ra3 Kf7 46. Ke4 Nf2+
47. Kxe5 Nxg4+ 48. Kf4 h5 49. Rxa6 Nf2 50. Kg5 Nd3 51. Ra7+ Kf8 52. Kxh5 Nb2
53. Kg6 Nxc4 54. f6 Ne5+ 55. Kf5 Nf3 56. Ke6 Nd4+ 57. Kd5 Nf5 58. h5 c4 59.
Kxc4 1-0

[Event "DEM U12 2018"]
[Site "Willingen GER"]
[Date "2018.05.20"]
[Round "1"]
[White "Gluma, Christian"]
[Black "Hochlenert, Ben"]
[Result "1-0"]
[Termination "normal"]
[Board "28"]
[WhiteElo "1601"]
[BlackElo "1023"]
[PlyCount "97"]
[WhiteFideId "16223209"]
[BlackFideId "16265980"]
[EventCountry "GER"]
[EventRounds "11"]
[EventType "swiss"]
[EventDate "2018.05.19"]

1. e4 e5 2. Nf3 Nc6 3. Bc4 Bc5 4. c3 Nf6 5. d3 d6 6. O-O O-O 7. Nbd2 Qe7 8. a4
a5 9. h3 Bd7 10. Re1 Rad8 11. Nf1 Be6 12. Bb3 d5 13. exd5 Bxd5 14. d4 Bxb3 15.
Qxb3 Bd6 16. Qxb7 Qe8 17. dxe5 Nxe5 18. Nxe5 Bxe5 19. Bf4 Nd7 20. Qd5 Qe7 21.
Bxe5 Nxe5 22. Qxe5 Qd7 23. Qxa5 h6 24. Qc5 Rfe8 25. b4 Re6 26. Rxe6 fxe6 27. a5
Ra8 28. b5 Qd8 29. Qc6 Ra7 30. Qxe6+ Kh7 31. Qf5+ Kg8 32. Ne3 Qd2 33. Qd5+ Qxd5
34. Nxd5 Kf7 35. a6 Ke6 36. Nxc7+ Kd6 37. b6 Rxc7 38. bxc7 Kxc7 39. a7 g5 40.
a8=Q g4 41. Ra7+ Kb6 42. Qb8+ Kc6 43. Rc7+ Kd6 44. Qd8+ Ke6 45. Re7+ Kf6 46.
Qf8+ Kg6 47. Rg7+ Kh5 48. Qf5+ Kh4 49. Rxg4# 1-0

[Event "DEM U12 2018"]
[Site "Willingen GER"]
[Date "2018.05.20"]
[Round "2"]
[White "Wagner, Leopold Franziskus"]
[Black "Hecht, Jonas Christian"]
[Result "1/2-1/2"]
[Termination "normal"]
[Board "1"]
[WhiteElo "2234"]
[BlackElo "1678"]
[WhiteClock "00:14:26"]
[BlackClock "00:08:20"]
[PlyCount "151"]
[WhiteFideId "1641581"]
[BlackFideId "16214846"]
[EventCountry "GER"]
[EventRounds "11"]
[EventType "swiss"]
[EventDate "2018.05.19"]

1. Nf3 {[%clk 1:15:57]} 1... d5 {[%clk 1:15:53]} 2. g3 {[%clk 1:16:22]} 2... c6
{[%clk 1:16:17]} 3. Bg2 {[%clk 1:16:45]} 3... Nf6 {[%clk 1:16:39]} 4. O-O {
[%clk 1:16:05]} 4... Bg4 {[%clk 1:16:47]} 5. h3 {[%clk 1:15:32]} 5... Bh5 {
[%clk 1:16:40]} 6. c4 {[%clk 1:15:31]} 6... e6 {[%clk 1:16:53]} 7. Qc2 { [%clk
1:14:42]} 7... Nbd7 {[%clk 1:15:39]} 8. b3 {[%clk 1:14:26]} 8... Bd6 { [%clk
1:15:11]} 9. Bb2 {[%clk 1:13:39]} 9... O-O {[%clk 1:15:30]} 10. d4 { [%clk
1:13:30]} 10... Bg6 {[%clk 1:09:51]} 11. Qd1 {[%clk 1:11:34]} 11... h6 { [%clk
1:09:55]} 12. Nbd2 {[%clk 1:11:49]} 12... Bh7 {[%clk 1:05:29]} 13. Ne5 { [%clk
1:11:16]} 13... Qb8 {[%clk 1:01:44]} 14. f4 {[%clk 1:11:20]} 14... Rd8 { [%clk
0:59:25]} 15. e3 {[%clk 1:06:51]} 15... Ne4 {[%clk 0:55:15]} 16. Nxe4 { [%clk
1:06:28]} 16... Bxe4 {[%clk 0:55:32]} 17. Bxe4 {[%clk 1:03:01]} 17... dxe4
{[%clk 0:55:53]} 18. Qh5 {[%clk 1:02:48]} 18... Bxe5 {[%clk 0:54:45]} 19. fxe5
{[%clk 1:02:20]} 19... Rf8 {[%clk 0:43:17]} 20. Qg4 {[%clk 1:01:30]} 20... f5
{[%clk 0:42:28]} 21. exf6 {[%clk 1:01:22]} 21... Nxf6 {[%clk 0:41:28]} 22.
Qxe6+ {[%clk 1:01:41]} 22... Kh8 {[%clk 0:41:43]} 23. Kg2 {[%clk 1:02:00]}
23... Qc7 {[%clk 0:40:48]} 24. Qe5 {[%clk 1:00:32]} 24... Qxe5 {[%clk 0:37:13]}
25. dxe5 {[%clk 0:59:19]} 25... Nd7 {[%clk 0:33:06]} 26. Rad1 {[%clk 0:56:47]}
26... Rxf1 {[%clk 0:32:22]} 27. Rxf1 {[%clk 0:55:45]} 27... Nc5 {[%clk 0:30:50]
} 28. Rf7 {[%clk 0:55:15]} 28... Kg8 {[%clk 0:26:50]} 29. e6 {[%clk 0:54:29]}
29... Nxe6 {[%clk 0:27:07]} 30. Re7 {[%clk 0:51:47]} 30... Rd8 {[%clk 0:23:33]}
31. Be5 {[%clk 0:49:12]} 31... Rd2+ {[%clk 0:23:30]} 32. Kf1 {[%clk 0:48:54]}
32... Nc5 {[%clk 0:21:57]} 33. Rxg7+ {[%clk 0:45:16]} 33... Kf8 {[%clk 0:22:18]
} 34. Rg4 {[%clk 0:43:59]} 34... Ke7 {[%clk 0:18:36]} 35. Bd4 {[%clk 0:43:17]}
35... Ne6 {[%clk 0:16:45]} 36. Rxe4 {[%clk 0:41:39]} 36... Rxa2 {[%clk 0:17:08]
} 37. g4 {[%clk 0:41:34]} 37... Rh2 {[%clk 0:17:07]} 38. Bxa7 {[%clk 0:41:26]}
38... Rxh3 {[%clk 0:17:28]} 39. Kg2 {[%clk 0:35:31]} 39... Rh4 {[%clk 0:17:29]}
40. Kg3 {[%clk 0:35:12]} 40... Rh1 {[%clk 0:17:33]} 41. c5 {[%clk 0:35:21]}
41... Rc1 {[%clk 0:17:12]} 42. Rb4 {[%clk 0:34:37]} 42... Nxc5 {[%clk 0:17:18]}
43. Bxc5+ {[%clk 0:34:21]} 43... Rxc5 {[%clk 0:17:39]} 44. Rxb7+ { [%clk
0:34:47]} 44... Kf6 {[%clk 0:17:33]} 45. Kf4 {[%clk 0:34:25]} 45... h5 { [%clk
0:16:43]} 46. Rb4 {[%clk 0:30:39]} 46... hxg4 {[%clk 0:16:34]} 47. Kxg4 { [%clk
0:30:47]} 47... Ke5 {[%clk 0:16:03]} 48. Kf3 {[%clk 0:31:13]} 48... Rc1 { [%clk
0:15:39]} 49. Re4+ {[%clk 0:30:21]} 49... Kd5 {[%clk 0:15:16]} 50. Rd4+ { [%clk
0:27:45]} 50... Ke5 {[%clk 0:13:18]} 51. Rc4 {[%clk 0:25:35]} 51... Rf1+ {[%clk
0:13:04]} 52. Ke2 {[%clk 0:25:08]} 52... Rb1 {[%clk 0:13:28]} 53. b4 { [%clk
0:24:10]} 53... Kd5 {[%clk 0:13:47]} 54. Rd4+ {[%clk 0:24:27]} 54... Ke5 {[%clk
0:14:08]} 55. Kd3 {[%clk 0:24:03]} 55... Rb3+ {[%clk 0:11:47]} 56. Kd2 { [%clk
0:23:42]} 56... Ra3 {[%clk 0:09:19]} 57. Rc4 {[%clk 0:22:43]} 57... Rb3 { [%clk
0:05:16]} 58. Kc2 {[%clk 0:19:12]} 58... Rxe3 {[%clk 0:05:32]} 59. Rxc6 { [%clk
0:19:39]} 59... Kd5 {[%clk 0:05:38]} 60. Rc8 {[%clk 0:19:59]} 60... Rh3 { [%clk
0:04:53]} 61. Kb2 {[%clk 0:18:25]} 61... Kd6 {[%clk 0:05:02]} 62. Ka2 { [%clk
0:17:48]} 62... Kd5 {[%clk 0:05:13]} 63. Rc2 {[%clk 0:16:03]} 63... Kd6 { [%clk
0:05:11]} 64. Rc1 {[%clk 0:13:13]} 64... Rg3 {[%clk 0:05:24]} 65. b5 { [%clk
0:09:55]} 65... Rg5 {[%clk 0:04:53]} 66. Rb1 {[%clk 0:10:19]} 66... Kc7 { [%clk
0:05:15]} 67. Ka3 {[%clk 0:10:41]} 67... Kb6 {[%clk 0:05:39]} 68. Ka4 { [%clk
0:11:07]} 68... Rg4+ {[%clk 0:05:53]} 69. Rb4 {[%clk 0:11:30]} 69... Rxb4+
{[%clk 0:06:07]} 70. Kxb4 {[%clk 0:11:57]} 70... Kb7 {[%clk 0:06:21]} 71. Kc5
{[%clk 0:12:22]} 71... Kc7 {[%clk 0:06:47]} 72. b6+ {[%clk 0:12:43]} 72... Kb7
{[%clk 0:07:12]} 73. Kb5 {[%clk 0:13:10]} 73... Kb8 {[%clk 0:07:32]} 74. Ka6
{[%clk 0:13:34]} 74... Ka8 {[%clk 0:07:55]} 75. b7+ {[%clk 0:13:59]} 75... Kb8
{[%clk 0:08:20]} 76. Kb6 {[%clk 0:14:26]} 1/2-1/2

[Event "DEM U12 2018"]
[Site "Willingen GER"]
[Date "2018.05.20"]
[Round "2"]
[White "Hänselmann, Hendrik"]
[Black "Foerster-Yialamas, Lucas"]
[Result "0-1"]
[Termination "normal"]
[Board "10"]
[WhiteElo "1713"]
[BlackElo "1924"]
[WhiteClock "00:00:44"]
[BlackClock "00:19:55"]
[PlyCount "102"]
[WhiteFideId "16232755"]
[BlackFideId "30901774"]
[EventCountry "GER"]
[EventRounds "11"]
[EventType "swiss"]
[EventDate "2018.05.19"]

1. e4 {[%clk 1:15:58]} 1... c5 {[%clk 1:15:59]} 2. Nf3 {[%clk 1:16:21]} 2... d6
{[%clk 1:16:28]} 3. d4 {[%clk 1:16:43]} 3... cxd4 {[%clk 1:16:57]} 4. Nxd4 {
[%clk 1:17:05]} 4... Nf6 {[%clk 1:17:23]} 5. Nc3 {[%clk 1:17:28]} 5... a6 {
[%clk 1:17:47]} 6. a4 {[%clk 1:17:51]} 6... e5 {[%clk 1:15:37]} 7. Nf3 { [%clk
1:18:16]} 7... Nc6 {[%clk 1:15:00]} 8. Bc4 {[%clk 1:17:40]} 8... Be7 { [%clk
1:13:34]} 9. O-O {[%clk 1:17:27]} 9... Bg4 {[%clk 1:13:18]} 10. Be2 { [%clk
1:09:42]} 10... Qd7 {[%clk 1:11:55]} 11. Bg5 {[%clk 1:06:43]} 11... O-O { [%clk
1:11:43]} 12. Bxf6 {[%clk 1:04:39]} 12... Bxf6 {[%clk 1:12:05]} 13. Nd5 { [%clk
1:04:15]} 13... Bd8 {[%clk 1:12:28]} 14. c3 {[%clk 1:01:35]} 14... Ne7 { [%clk
1:10:34]} 15. Nxe5 {[%clk 0:57:48]} 15... dxe5 {[%clk 1:08:42]} 16. Bxg4 {[%clk
0:57:53]} 16... Qc6 {[%clk 1:08:04]} 17. Bf3 {[%clk 0:53:44]} 17... Ng6 {[%clk
1:07:02]} 18. Re1 {[%clk 0:50:05]} 18... Bg5 {[%clk 1:04:56]} 19. Qc2 { [%clk
0:47:13]} 19... Nh4 {[%clk 1:04:17]} 20. Be2 {[%clk 0:45:03]} 20... f5 { [%clk
0:59:59]} 21. Qb3 {[%clk 0:41:24]} 21... Kh8 {[%clk 0:59:44]} 22. exf5 { [%clk
0:40:31]} 22... Rad8 {[%clk 0:55:12]} 23. Rad1 {[%clk 0:38:08]} 23... Nxf5
{[%clk 0:53:15]} 24. Qc4 {[%clk 0:33:03]} 24... Qg6 {[%clk 0:49:57]} 25. Bd3
{[%clk 0:28:44]} 25... Nd6 {[%clk 0:42:37]} 26. Qb3 {[%clk 0:20:01]} 26... e4
{[%clk 0:41:38]} 27. Bb1 {[%clk 0:17:32]} 27... Qf7 {[%clk 0:38:53]} 28. Qc2
28... Qg6 {[%clk 0:36:22]} 29. Qe2 {[%clk 0:09:54]} 29... Rde8 {[%clk 0:34:54]}
30. Rd4 {[%clk 0:07:23]} 30... Qf7 {[%clk 0:33:59]} 31. Rf1 {[%clk 0:04:50]}
31... Qf5 {[%clk 0:31:33]} 32. Ne3 {[%clk 0:04:22]} 32... Qf6 {[%clk 0:30:22]}
33. Ng4 {[%clk 0:03:51]} 33... Qg6 {[%clk 0:28:08]} 34. Ne3 {[%clk 0:02:12]}
34... Qh6 {[%clk 0:17:31]} 35. Ng4 {[%clk 0:02:07]} 35... Qe6 {[%clk 0:16:33]}
36. Ne3 {[%clk 0:02:13]} 36... Bf6 {[%clk 0:14:20]} 37. Rdd1 {[%clk 0:02:10]}
37... Nf5 {[%clk 0:13:05]} 38. Nxf5 {[%clk 0:02:06]} 38... Qxf5 {[%clk 0:13:30]
} 39. f3 {[%clk 0:01:55]} 39... Qc5+ {[%clk 0:12:06]} 40. Qf2 {[%clk 0:00:54]}
40... e3 {[%clk 0:12:04]} 41. Qe2 {[%clk 0:00:50]} 41... Bg5 {[%clk 0:10:20]}
42. Kh1 {[%clk 0:15:24]} 42... Rf6 {[%clk 0:24:21]} 43. Rd7 {[%clk 0:14:13]}
43... Rd6 {[%clk 0:24:04]} 44. Rxd6 {[%clk 0:14:03]} 44... Qxd6 {[%clk 0:24:31]
} 45. Be4 {[%clk 0:13:05]} 45... Rd8 {[%clk 0:23:47]} 46. Bxb7 {[%clk 0:10:02]}
46... Qb6 {[%clk 0:20:18]} 47. Qxa6 {[%clk 0:05:53]} 47... Qxb2 {[%clk 0:18:46]
} 48. Bd5 {[%clk 0:00:52]} 48... Rxd5 {[%clk 0:18:45]} 49. Qc6 {[%clk 0:00:36]}
49... Rd8 {[%clk 0:19:08]} 50. a5 {[%clk 0:00:50]} 50... e2 {[%clk 0:19:28]}
51. Re1 {[%clk 0:00:44]} 51... Qd2 {[%clk 0:19:55]} 0-1

[Event "DEM U12 2018"]
[Site "Willingen GER"]
[Date "2018.05.20"]
[Round "2"]
[White "Sallandt, Frido"]
[Black "Neuber, Pascal"]
[Result "1/2-1/2"]
[Termination "normal"]
[Board "13"]
[WhiteElo "1524"]
[BlackElo "1782"]
[PlyCount "97"]
[WhiteFideId "16231767"]
[BlackFideId "16227611"]
[EventCountry "GER"]
[EventRounds "11"]
[EventType "swiss"]
[EventDate "2018.05.19"]

1. e4 c5 2. Nc3 Nc6 3. g3 g6 4. Bg2 Bg7 5. d3 d6 6. f4 e5 7. Nf3 Nge7 8. O-O
O-O 9. h3 f5 10. Rb1 a6 11. a4 Rb8 12. Nh2 Nd4 13. g4 fxg4 14. Nxg4 exf4 15.
Bxf4 Nec6 16. Nd5 Bxg4 17. Qxg4 Ne5 18. Bxe5 Bxe5 19. c3 Nc6 20. Qe6+ Kg7 21.
Rxf8 Qxf8 22. Rf1 Qe8 23. Nc7 Qxe6 24. Nxe6+ Kg8 25. Bf3 Re8 26. Nc7 Rc8 27.
Nd5 h5 28. b4 Rf8 29. b5 axb5 30. axb5 Nd8 31. Be2 Rxf1+ 32. Kxf1 Ne6 33. Kg2
Kf7 34. Bd1 Nf4+ 35. Nxf4 Bxf4 36. Kf2 Be5 37. c4 Kf6 38. Kg2 Kg5 39. Kf3 Kh4
40. Kg2 g5 41. Be2 g4 42. hxg4 hxg4 43. Bd1 Kg5 44. Be2 Kf4 45. Bd1 Ke3 46.
Bxg4 Kxd3 47. Be6 Kxe4 48. Bd5+ Kd4 49. Kf2 1/2-1/2

[Event "DEM U12 2018"]
[Site "Willingen GER"]
[Date "2018.05.20"]
[Round "2"]
[White "Ljuca, Semir"]
[Black "Bakiev, Diyor"]
[Result "1/2-1/2"]
[Termination "normal"]
[Board "14"]
[WhiteElo "1344"]
[BlackElo "1752"]
[PlyCount "104"]
[WhiteFideId "16216130"]
[BlackFideId "16241584"]
[EventCountry "GER"]
[EventRounds "11"]
[EventType "swiss"]
[EventDate "2018.05.19"]

1. e4 e5 2. Nf3 Nc6 3. d4 exd4 4. Bc4 Nf6 5. O-O Nxe4 6. Re1 d5 7. Bxd5 Qxd5 8.
Nc3 Qh5 9. Nxe4 Be7 10. Bg5 Be6 11. Bxe7 Nxe7 12. Qxd4 O-O 13. Ng3 Qd5 14. Qc3
Nc6 15. Ne5 Nxe5 16. Rxe5 Qd7 17. Nh5 f6 18. Re3 Bf7 19. Rh3 Bxh5 20. Rxh5 Rad8
21. Qc4+ Kh8 22. h3 Qf7 23. Qxf7 Rxf7 24. Re1 Rfd7 25. Rc5 c6 26. Kf1 Kg8 27.
Rc3 Kf8 28. Ke2 Rd2+ 29. Kf3 R8d5 30. Re2 Rf5+ 31. Ke3 Rd6 32. Rd3 Rxd3+ 33.
Kxd3 Kf7 34. c4 b6 35. b4 g5 36. Ke4 Re5+ 37. Kd3 Ke6 38. Re4 f5 39. Rxe5+ Kxe5
40. g3 f4 41. g4 f3 42. a3 c5 43. b5 Kf4 44. a4 h6 45. Kd2 Ke4 46. Kc3 Ke5 47.
Kd3 Kf4 48. Kd2 Ke4 49. Kc3 Ke5 50. Kd3 Kf4 51. Kd2 Ke4 52. Kc3 Ke5 1/2-1/2

[Event "DEM U12 2018"]
[Site "Willingen GER"]
[Date "2018.05.20"]
[Round "2"]
[White "Pikalow, Michael"]
[Black "Prieb, Robert"]
[Result "0-1"]
[Termination "normal"]
[Board "15"]
[BlackTitle "CM"]
[WhiteElo "1540"]
[BlackElo "1709"]
[PlyCount "142"]
[WhiteFideId "16227638"]
[BlackFideId "16212002"]
[EventCountry "GER"]
[EventRounds "11"]
[EventType "swiss"]
[EventDate "2018.05.19"]

1. e4 c5 2. Nf3 d6 3. d4 cxd4 4. Nxd4 Nf6 5. Nc3 a6 6. Be3 e5 7. Nb3 Be6 8. f3
Be7 9. Qd2 O-O 10. O-O-O Nbd7 11. g4 b5 12. g5 b4 13. gxf6 bxc3 14. Qxc3 Nxf6
15. Na5 Rc8 16. Nc6 Qc7 17. Nxe7+ Qxe7 18. Qb4 Qc7 19. Rd2 d5 20. exd5 Nxd5 21.
Qa3 Nxe3 22. Qxe3 Qa5 23. a3 Bf5 24. Bd3 Bxd3 25. Rxd3 Rc6 26. Rhd1 Qa4 27.
R1d2 {(=)} 27... f6 28. Rg2 Rfc8 29. Rdd2 Qc4 30. Kb1 {(=)} 30... Qf1+ 31. Ka2
Qc4+ 32. Kb1 a5 33. Qd3 Qxd3 34. Rxd3 a4 35. Rd7 g6 36. Ra7 Rc4 37. Rd2 R8c7
38. Rxc7 {(=)} 38... Rxc7 39. b4 axb3 40. cxb3 Rc3 41. Kb2 Rxf3 42. b4 e4 43.
a4 e3 44. Rd8+ Kf7 45. Kc2 f5 46. Rd7+ {(=)} 46... Ke6 47. Rxh7 f4 48. b5 Rf2+
49. Kd1 f3 50. Rh8 Rd2+ 51. Kc1 Kf5 52. b6 f2 53. Rf8+ Ke4 54. b7 e2 55. Kxd2
e1=Q+ 56. Kc2 Qb4 57. b8=Q Qxb8 58. Rxb8 f1=Q 59. Re8+ Kd5 60. Rd8+ Kc6 61.
Rc8+ Kb7 62. Rc3 Qe2+ 63. Kb3 Qxh2 64. Rc5 Qd6 65. Kc4 Qe6+ 66. Kb4 Qe4+ 67.
Kb5 Qd3+ 68. Kb4 Qd4+ 69. Kb5 {(=)} 69... Qb2+ 70. Kc4 Qa2+ 71. Kb5 Qb3+ 0-1

[Event "DEM U12 2018"]
[Site "Willingen GER"]
[Date "2018.05.20"]
[Round "2"]
[White "Wildermuth, Nikolas Karl"]
[Black "Huo, Da"]
[Result "1-0"]
[Termination "normal"]
[Board "16"]
[WhiteElo "1495"]
[BlackElo "1686"]
[PlyCount "54"]
[WhiteFideId "16244699"]
[BlackFideId "16221206"]
[EventCountry "GER"]
[EventRounds "11"]
[EventType "swiss"]
[EventDate "2018.05.19"]

1. e4 c5 2. Nf3 e6 3. d4 cxd4 4. Nxd4 a6 5. Nc3 Qc7 6. Bd3 Nf6 7. f4 d6 8. Qf3
Nbd7 9. O-O Be7 10. Be3 O-O 11. g4 Nc5 12. g5 Ne8 13. Rf2 Nxd3 14. cxd3 f6 15.
Qh5 g6 16. Qh4 fxg5 17. fxg5 Rxf2 18. Qxf2 e5 19. Rf1 Bh3 20. Qf7+ Kh8 21. Nd5
Qd7 22. Nf5 Bxf5 23. exf5 Ng7 24. Qxe7 Qxe7 25. Nxe7 gxf5 26. Nxf5 Ne8 27. Nh6
b5 1-0